=LDR 00000nam 2200000 4500 =001 INLIS000000000000744 =005 20130612085157 =008 ***********************************Ind** =035 ##$$0010-061300000000744 =041 ##$$a Ind =082 ##$$a 92(Wirahadikusumah) =090 ##$$a 92(Wirahadikusumah), Sud-u =100 ##$$a Sudirjo, Radik Utoyo =245 ##$$a Umar Wirahadikusumah, wakil presiden RI terpilih, Radik Utoyo Sudirjo =260 ##$$a 1983 $b Jakarta =300 ##$$a 168 hlm, ilus, 21 cm =650 ##$$a Wirahadikusumah, Umar =850 ##$$a NBPNMAT